| 000 | 00410nam a2200157Ia 4500 | ||
|---|---|---|---|
| 008 | 210210b1990 xxu||||| |||| 00| 0 eng d | ||
| 020 | _a81 224 0269 0 | ||
| 082 | _a657.042 PANM | ||
| 100 | _aPANDEY (Ganga Dhar). | ||
| 245 | _aModern Accountancy. for class XI. | ||
| 260 |
_aNew Delhi. _bWiley Eastern Ltd. _c1990 |
||
| 300 | _axi,413 | ||
| 650 | _aAccountancy | ||
| 690 | _aAccountancy | ||
| 906 | _a050598 | ||
| 999 |
_c99383 _d99383 |
||